| 000 | 00650nam a2200217 a 4500 | ||
|---|---|---|---|
| 001 | BRCA_1675 | ||
| 005 | 20190320203513.0 | ||
| 008 | 010410s1980 nyua---##b---#001-0#eng-# | ||
| 020 | _a0896600041 | ||
| 040 |
_aDLC _cDLC _dDLC |
||
| 050 | 4 |
_aND547.5 _b.K45 1980 |
|
| 100 | 1 |
_aKelder, Diane _95227 |
|
| 245 | 1 | 0 |
_aThe Great Book of French Impressionism _cDiane Kelder. |
| 260 |
_aNew York _bArtabras _c1980 |
||
| 300 |
_a447 p. _bil. (algunas a color) _c39 cm. |
||
| 500 | _aIncluye índice alfabético | ||
| 504 | _aBibliografía: p. 394-395 | ||
| 650 | 1 | 4 |
_aImpresionismo (Arte) _zFrancia _95228 |
| 650 | 1 | 4 |
_aPintura francesa _95229 |
| 942 |
_2lcc _cB |
||
| 999 |
_c1470 _d1470 |
||